000 00494nam a22001577a 4500
003 OSt
005 20151116164219.0
008 151116b xxu||||| |||| 00| 0 eng d
040 _cRUA
082 _aFIS សៀក 1990 B144 Or.1
100 _93749
_aសៀក សុផល
245 _aការចិញ្ចឹមចំរុះត្រីកាបស និងត្រីកាបសាមញ្ញ
260 _aPhnom Penh
_bRUA
_c1990
300 _a133p.
_bill.
_c29cm.
942 _2ddc
_cFIS
999 _c3488
_d3488